NCAA D1 Basketball Teams - Statistics

General Stats
  • This quiz has been taken 105 times
  • The average score is 210 of 365
Answers on the Map
Answers color-coded by a green-red scale on the quiz's map according to % correct below.
 
Answer Stats
Answer % Correct
George Washington
98%
Washington
98%
Michigan
95%
Oklahoma
95%
Texas
95%
Wisconsin
95%
Iowa
93%
Kansas
93%
Nebraska
93%
Arizona
90%
Arkansas
90%
Florida
90%
Indiana
90%
Kentucky
90%
Miami (FL)
90%
Miami (OH)
90%
North Dakota
90%
Tennessee
90%
Alabama
88%
Colorado
88%
Georgia
88%
Hawaii
88%
Michigan State
88%
Minnesota
88%
New Mexico
88%
North Carolina
88%
Oklahoma State
88%
Ole Miss
88%
Oregon
88%
South Dakota
88%
Texas A&M
88%
Utah
88%
Boston University
85%
BYU
85%
Duke
85%
Florida State
85%
Illinois
85%
Kansas State
85%
Maine
85%
Massachusetts
85%
Missouri
85%
Montana
85%
Ohio
85%
Pennsylvania
85%
Saint Mary's
85%
Vermont
85%
Virginia
85%
Washington State
85%
California
83%
Idaho
83%
LSU
83%
Nevada
83%
New Hampshire
83%
Penn State
83%
South Carolina
83%
Texas Tech
83%
UCLA
83%
Virginia Tech
83%
West Virginia
83%
Arizona State
80%
Georgia Tech
80%
Iowa State
80%
Maryland
80%
Notre Dame
80%
Oregon State
80%
Pittsburgh
80%
Sam Houston
80%
UNLV
80%
USC
80%
UT Arlington
80%
Wyoming
80%
Yale
80%
Colorado State
78%
Connecticut
78%
Houston
78%
Mississippi State
78%
Montana State
78%
Ohio State
78%
Southern
78%
Vanderbilt
78%
Wake Forest
78%
Arkansas State
76%
Auburn
76%
Boise State
76%
Cornell
76%
Louisiana
76%
NC State
76%
New Mexico State
76%
Portland
76%
South Dakota State
76%
Southern Methodist
76%
Air Force
73%
Brown
73%
Buffalo
73%
Gonzaga
73%
Harvard
73%
Navy
73%
Northwestern
73%
Portland State
73%
Rutgers
73%
San Diego State
73%
Seattle
73%
Tulane
73%
Utah State
73%
Baylor
71%
Boston College
71%
Central Michigan
71%
Idaho State
71%
Louisville
71%
North Dakota State
71%
Purdue
71%
South Florida
71%
Stanford
71%
TCU
71%
Tulsa
71%
UTEP
71%
Villanova
71%
Western Michigan
71%
Alabama State
68%
Clemson
68%
Columbia
68%
Florida International
68%
Georgia State
68%
Princeton
68%
San Diego
68%
Southern Mississippi
68%
UCF
68%
Akron
66%
Army
66%
Cincinnati
66%
Creighton
66%
Dartmouth
66%
Delaware
66%
Denver
66%
Eastern Michigan
66%
Florida Atlantic
66%
Providence
66%
Rhode Island
66%
Syracuse
66%
Bowling Green
63%
Indiana State
63%
Jacksonville
63%
Kent State
63%
Louisiana-Monroe
63%
Louisiana Tech
63%
Missouri State
63%
Northern Arizona
63%
Northern Iowa
63%
Old Dominion
63%
Omaha
63%
Texas State
63%
UTSA
63%
Western Kentucky
63%
Central Arkansas
61%
Drake
61%
Florida A&M
61%
Fresno State
61%
Georgia Southern
61%
Green Bay
61%
James Madison
61%
Kennesaw State
61%
Northern Colorado
61%
Saint Louis
61%
Saint Peter's
61%
Toledo
61%
Troy
61%
Appalachian State
59%
Dayton
59%
East Carolina
59%
Eastern Washington
59%
Grand Canyon
59%
Illinois State
59%
Jacksonville State
59%
Loyola-Chicago
59%
Memphis
59%
Middle Tennessee
59%
Milwaukee
59%
North Texas
59%
St. Thomas
59%
Temple
59%
Wichita State
59%
Albany
56%
Long Island University
56%
New Orleans
56%
North Alabama
56%
Northern Illinois
56%
Southern Utah
56%
UC Santa Barbara
56%
UMKC
56%
Utah Tech
56%
Utah Valley
56%
Weber State
56%
Xavier
56%
Alabama A&M
54%
Ball State
54%
Charlotte
54%
Georgetown
54%
Marquette
54%
Marshall
54%
Rice
54%
Sacramento State
54%
San Francisco
54%
Southern Illinois
54%
Coastal Carolina
51%
DePaul
51%
Detroit Mercy
51%
Eastern Illinois
51%
George Mason
51%
Liberty
51%
Tennessee Tech
51%
UAB
51%
UC Davis
51%
UC Irvine
51%
UTRGV
51%
Western Illinois
51%
Charleston
49%
Delaware State
49%
Little Rock
49%
Oakland
49%
Saint Joseph's
49%
San Jose State
49%
South Alabama
49%
South Carolina State
49%
St. John's
49%
Tennessee State
49%
Texas A&M-Corpus Christi
49%
UNC Wilmington
49%
VCU
49%
American
46%
Arkansas-Pine Bluff
46%
Butler
46%
Cal State Fullerton
46%
Chattanooga
46%
Chicago State
46%
Jackson State
46%
Lehigh
46%
NJIT
46%
Northern Kentucky
46%
Pacific
46%
Queens
46%
Santa Clara
46%
Stephen F. Austin
46%
UMBC
46%
UNC Greensboro
46%
VMI
46%
William & Mary
46%
Cleveland State
44%
Eastern Kentucky
44%
Florida Gulf Coast
44%
Norfolk State
44%
North Florida
44%
Oral Roberts
44%
Purdue Fort Wayne
44%
UNC Asheville
44%
Youngstown State
44%
Cal Poly
41%
Cal State Northridge
41%
Colgate
41%
Davidson
41%
Drexel
41%
Lafayette
41%
Manhattan
41%
Mississippi Valley State
41%
Mount St. Mary's
41%
Murray State
41%
North Carolina A&T
41%
Richmond
41%
Texas Southern
41%
The Citadel
41%
UC Riverside
41%
UC San Diego
41%
UMass Lowell
41%
UT-Martin
41%
Valparaiso
41%
Western Carolina
41%
Binghamton
39%
Duquesne
39%
Evansville
39%
Grambling State
39%
High Point
39%
Howard
39%
Lamar
39%
Long Beach State
39%
Niagara
39%
North Carolina Central
39%
Robert Morris
39%
Seton Hall
39%
Southeast Missouri State
39%
Stony Brook
39%
USC Upstate
39%
Abilene Christian
37%
Bucknell
37%
Cal State Bakersfield
37%
Canisius
37%
East Tennessee State
37%
East Texas A&M
37%
Houston Christian
37%
Loyola Marymount
37%
Pepperdine
37%
Rider
37%
Sacred Heart
37%
Southern Indiana
37%
UIC
37%
West Georgia
37%
Bryant
34%
Campbell
34%
Charleston Southern
34%
Iona
34%
Lipscomb
34%
McNeese State
34%
Mercer
34%
Mercyhurst
34%
Merrimack
34%
Morehead State
34%
Northeastern
34%
Southeastern Louisiana
34%
St. Bonaventure
34%
Towson
34%
Wright State
34%
Austin Peay
32%
Bellarmine
32%
Bradley
32%
Central Connecticut State
32%
Elon
32%
Fordham
32%
Furman
32%
Hampton
32%
Lindenwood
32%
Loyola (MD)
32%
Marist
32%
Nicholls State
32%
Saint Francis (PA)
32%
Samford
32%
SIU Edwardsville
32%
Stetson
32%
Wagner
32%
Wofford
32%
Alcorn State
29%
Belmont
29%
Bethune-Cookman
29%
Fairfield
29%
Holy Cross
29%
Incarnate Word
29%
Monmouth
29%
Quinnipiac
29%
Radford
29%
California Baptist
27%
FDU
27%
Gardner-Webb
27%
Hofstra
27%
Longwood
27%
New Haven
27%
Northwestern State
27%
Prairie View A&M
27%
Presbyterian
27%
Siena
27%
Winthrop
27%
Coppin State
24%
IU Indy
24%
Le Moyne
24%
Maryland-Eastern Shore
24%
Morgan State
24%
La Salle
22%
Stonehill
22%
Tarleton State
22%
No matching quizzes found
Score Distribution
Percent of People with Each Score
Percentile by Number Answered
Your Score History
You have not taken this quiz